| 000 | 00860nam a22002057a 4500 | ||
|---|---|---|---|
| 008 | 230824b |||||||| |||| 00| 0 eng d | ||
| 020 | _a9789937138888 | ||
| 041 | _aNep. | ||
| 082 | _aN929.1/A564k | ||
| 100 | _aअधिकारी, दामोदर/ Adhikari, Damodar | ||
| 241 | _a Khirsain Adhikariko Bansa bibaran | ||
| 245 |
_aखिर्सैन अधिकारीको वंश विवरण / _cदामोदरअधिकारी. |
||
| 250 | _aदोस्रो संस्क. | ||
| 260 |
_aकाभ्रेपलाञ्चोक: _bखिर्सैन अधिकारी समाज, _c२०८० वि. |
||
| 300 | _b३२४ पृ. | ||
| 650 | _aखिर्सैन अधिकारी-वंशावली | ||
| 650 | _aBiography | ||
| 650 | _aKhirsain Adhikari- Bansawali | ||
| 942 |
_2ddc _cGEN |
||
| 999 |
_c110297 _d110285 |
||